00294nam a2200121Ia 4500008004100000100001900041245003400060260003400094300000900128650001100137942000700148999001700155190216s9999||||xx |||||||||||||| ||und|| aWinchester. Am 0aJeevasastrvum Manushya Rsium bKerala Bhasha Institutec1975 a718p aBotany cBK c37636d37636